书目信息 |
| 题名: |
财富的秘密
|
|
| 作者: | 克拉森 著 ;文轩 译 | |
| 分册: | ||
| 出版信息: | 北京 中国书籍出版社 2017.01 |
|
| 页数: | 229页 | |
| 开本: | 22cm | |
| 丛书名: | ||
| 单 册: | ||
| 中图分类: | F715 | |
| 科图分类: | ||
| 主题词: | 巴比伦人--ba bi lun ren--商业经营--经验 | |
| 电子资源: | ||
| ISBN: | 978-7-5068-5895-3 | |
| 000 | 01049nam0 2200241 450 | |
| 001 | 012017000944 | |
| 005 | 20231120152637.04 | |
| 010 | @a978-7-5068-5895-3@b精装@dCNY32.00 | |
| 100 | @a20161212d2017 em y0chiy50 ea | |
| 101 | 1 | @achi@ceng |
| 102 | @aCN@b110000 | |
| 105 | @ay z 000yy | |
| 200 | 1 | @a财富的秘密@Acai fu de mi mi@d= The richest man in babylon@f(美) 乔治·克拉森著@F(mei) qiao zhi ·ke la sen zhu@g文轩译@zeng |
| 210 | @a北京@c中国书籍出版社@d2017.01 | |
| 215 | @a229页@d22cm | |
| 330 | @a本书将引领读者回溯到古巴比伦时代。古巴比伦是当代金融和商业基本原则的发源地, 这套原则至今已经得到全世界普遍的认同和运用。对任何读者来说, 《财富的秘密》都能够扩展他们的愿望。书中囊括了聚集更多的财富以及对有效解决个人财务问题的理财启示和忠告等。 | |
| 510 | 1 | @a=Richest man in babylon@zeng |
| 606 | 0 | @a巴比伦人@Aba bi lun ren@x商业经营@x经验 |
| 690 | @aF715@v5 | |
| 701 | 1 | @a克拉森@Ake la sen@g(Clarkson, George)@4著 |
| 702 | 0 | @a文轩@Awen xuan@4译 |
| 801 | 0 | @aCN@b河南城建学院图书馆@c20170911 |
| 905 | @b21329620-21@dF715@eK636@f2 | |
| 财富的秘密= The richest man in babylon/(美) 乔治·克拉森著/文轩译.-北京:中国书籍出版社,2017.01 |
| 229页;22cm |
| ISBN 978-7-5068-5895-3(精装):CNY32.00 |
| 本书将引领读者回溯到古巴比伦时代。古巴比伦是当代金融和商业基本原则的发源地, 这套原则至今已经得到全世界普遍的认同和运用。对任何读者来说, 《财富的秘密》都能够扩展他们的愿望。书中囊括了聚集更多的财富以及对有效解决个人财务问题的理财启示和忠告等。 |
| ● |
| 相关链接 |
|
|
|
正题名:财富的秘密
索取号:F715/K636
 
预约/预借
| 序号 | 登录号 | 条形码 | 馆藏地/架位号 | 状态 | 备注 |
| 1 | 1329620 | 213296208 | 社科库409/409社科库 45排1列5层/ [索取号:F715/K636] | 在馆 | |
| 2 | 1329621 | 213296217 | 社科库409/409社科库 45排1列5层/ [索取号:F715/K636] | 在馆 | |
| 3 | 1508170 | 215081701 | 教务处资料室/ [索取号:F715/K636] | 在馆 | |
| 4 | 1508171 | 215081710 | 教务处资料室/ [索取号:F715/K636] | 在馆 | |
| 5 | 1508172 | 215081729 | 教务处资料室/ [索取号:F715/K636] | 在馆 | |
| 6 | 1508173 | 215081738 | 教务处资料室/ [索取号:F715/K636] | 在馆 | |
| 7 | 1508174 | 215081747 | 教务处资料室/ [索取号:F715/K636] | 在馆 |